00293 a2200109 4500001000700000020000600007040001100013100002700024240006400051245005900115362000900174177700 a  cMagnum aMiguel, Emilio Sanchez10aCompreensao e redacao de textos: dificuldades e ajudaslpor10aCompreensao e redacao de textos: dificuldades e ajudas0 a1899